| 000 | 00838nam a22002415a 4500 | ||
|---|---|---|---|
| 001 | 18322796 | ||
| 005 | 20151125124006.0 | ||
| 008 | 141001t2015 maua frb 001 0 eng d | ||
| 020 | _a9780128003909 | ||
| 040 |
_aDLC _beng _cDLC _dEN-ScBUE |
||
| 082 | 0 | 4 |
_222 _a622.3385 _bISL |
| 100 | 1 |
_aIslam, M. Rafiqul. _938800 |
|
| 245 | 1 | 0 |
_aUnconventional gas reservoirs : _bevaluation, appraisal, and development / _cM. Rafiqul Islam. |
| 260 |
_aWaltham ; _aOxford : _bGulf Professional Publishing / Elsevier, _cc.2015. |
||
| 300 |
_aviii, 624 p. : _bill. ; _c23 cm. |
||
| 500 | _aIndex : p. 615-624. | ||
| 504 | _aBibliography : p. 559-614. | ||
| 650 | 7 |
_aGas reservoirs. _2BUEsh _924686 |
|
| 653 |
_bENGPET _bENGGEN _cMarch2015 _cNovember2015 |
||
| 906 |
_a0 _bibc _corignew _d2 _eepcn _f20 _gy-gencatlg |
||
| 942 | _2ddc | ||
| 999 |
_c19052 _d19024 |
||